000 00733nam a2200241 a 4500
001 000035117
005 20250305093321.0
008 111025s1981 sp ab 000 0 spa d
020 _a8432064440
040 _aDO-SdBNP
_bspa
_cBNPHU
082 _a577
_bM327e
100 1 _aMargalet, Ramón,
_d1919-
_960794
245 1 0 _aEcología /
_cRamón Margalet.
260 _aBarcelona, :
_bPlaneta,
_c1981.
300 _a252 p. :
_bil., map. ;
_c21 cm.
504 _aBibliografía : p. 251-252
590 _aPerteneció a la biblioteca personal de Juan Isidro Jimenes Grullón
650 0 _aECOLOGÍA
_99251
650 4 _aEcosistemas
_940034
650 4 _aBiosfera
_960795
910 _aValidado. Control de calidad MFF
049 _aBNGR
999 _c34608
_d34608